Eastern Utah Libraries Catalog: Duchesne, Heber, Roosevelt, & Vernal

Diary of a wimpy kid :( Book 2) (Record no. 53199)

MARC details
000 -LEADER
fixed length control field 02272cam a2200529 a 4500
001 - CONTROL NUMBER
control field 14998560
005 - DATE AND TIME OF LATEST TRANSACTION
control field 20260114175012.0
008 - FIXED-LENGTH DATA ELEMENTS--GENERAL INFORMATION
fixed length control field 070907s2008 nyua c 000 f eng
010 ## - LIBRARY OF CONGRESS CONTROL NUMBER
LC control number 2007032296
020 ## - INTERNATIONAL STANDARD BOOK NUMBER
International Standard Book Number 0810994739 (hardcover)
020 ## - INTERNATIONAL STANDARD BOOK NUMBER
International Standard Book Number 9780810994737 (hardcover)
020 ## - INTERNATIONAL STANDARD BOOK NUMBER
International Standard Book Number 9780810995529 (pbk.)
020 ## - INTERNATIONAL STANDARD BOOK NUMBER
International Standard Book Number 0810995522 (pbk.)
035 ## - SYSTEM CONTROL NUMBER
System control number (OCoLC)ocn166872907
035 ## - SYSTEM CONTROL NUMBER
System control number (OCoLC)166872907
037 ## - SOURCE OF ACQUISITION
Source of stock number/acquisition Junior Library Guild
Note http://www.juniorlibraryguild.com
040 ## - CATALOGING SOURCE
Original cataloging agency DLC
Transcribing agency DLC
Modifying agency BTCTA
-- BAKER
-- UPZ
-- YDXCP
-- DAJ
-- TEF
-- XY4
-- EHH
-- GK8
-- JED
-- DLC
Description conventions d
042 ## - AUTHENTICATION CODE
Authentication code lcac
050 00 - LIBRARY OF CONGRESS CALL NUMBER
Classification number PZ7.K6232
Item number Dk 2008
082 00 - DEWEY DECIMAL CLASSIFICATION NUMBER
Classification number [Fic]
Edition number 22
092 ## - LOCALLY ASSIGNED DEWEY CALL NUMBER (OCLC)
Classification number KINEY
100 1# - MAIN ENTRY--PERSONAL NAME
Personal name Kinney, Jeff.
9 (RLIN) 6182275
245 10 - TITLE STATEMENT
Title Diary of a wimpy kid :( Book 2)
Remainder of title Rodrick rules /
Statement of responsibility, etc by Jeff Kinney.
246 30 - VARYING FORM OF TITLE
Title proper/short title Rodrick rules
260 ## - PUBLICATION, DISTRIBUTION, ETC. (IMPRINT)
Place of publication, distribution, etc New York :
Name of publisher, distributor, etc Amulet Books,
Date of publication, distribution, etc 2008.
264 ## - Production, Publication, Distribution, Manufacture, and Copyright Notice.
Place of production, publication, distribution, manufacture New York :
Name of producer, publisher, distributor, manufacturer Amulet Books,
Date of production, publication, distribution, manufacture, or copyr 2008.
300 ## - PHYSICAL DESCRIPTION
Extent 216 p. :
Other physical details ill. ;
Dimensions 21 cm.
490 1# - SERIES STATEMENT
Series statement Diary of a wimpy kid ;
Volume number/sequential designation 2
520 ## - SUMMARY, ETC.
Summary, etc Greg Heffley tells about his summer vacation and his attempts to steer clear of trouble when he returns to middle school and tries to keep his older brother Rodrick from telling everyone about Greg's most humiliating experience of the summer.
586 8# - AWARDS NOTE
Awards note A Junior Library Guild selection
650 #0 - SUBJECT ADDED ENTRY--TOPICAL TERM
Topical term or geographic name as entry element Middle schools
Form subdivision Juvenile fiction.
9 (RLIN) 5675274
650 #0 - SUBJECT ADDED ENTRY--TOPICAL TERM
Topical term or geographic name as entry element Schools
Form subdivision Juvenile fiction.
9 (RLIN) 6182276
650 #0 - SUBJECT ADDED ENTRY--TOPICAL TERM
Topical term or geographic name as entry element Families
Form subdivision Juvenile fiction.
9 (RLIN) 5674031
650 #0 - SUBJECT ADDED ENTRY--TOPICAL TERM
Topical term or geographic name as entry element Diaries
Form subdivision Juvenile fiction.
9 (RLIN) 5675979
650 #1 - SUBJECT ADDED ENTRY--TOPICAL TERM
Topical term or geographic name as entry element Middle schools
Form subdivision Fiction.
9 (RLIN) 5675986
650 #1 - SUBJECT ADDED ENTRY--TOPICAL TERM
Topical term or geographic name as entry element Schools
Form subdivision Fiction.
9 (RLIN) 5673727
650 #1 - SUBJECT ADDED ENTRY--TOPICAL TERM
Topical term or geographic name as entry element Family life
Form subdivision Fiction.
9 (RLIN) 5674038
650 #1 - SUBJECT ADDED ENTRY--TOPICAL TERM
Topical term or geographic name as entry element Diaries
Form subdivision Fiction.
9 (RLIN) 5674805
650 #1 - SUBJECT ADDED ENTRY--TOPICAL TERM
Topical term or geographic name as entry element Humorous stories.
9 (RLIN) 6182277
655 #7 - INDEX TERM--GENRE/FORM
Genre/form data or focus term Children's stories.
Source of term lcsh
9 (RLIN) 6182278
800 1# - SERIES ADDED ENTRY--PERSONAL NAME
Personal name Kinney, Jeff.
Title of a work Diary of a wimpy kid ;
Volume/sequential designation 2.
9 (RLIN) 5784820
856 42 - ELECTRONIC LOCATION AND ACCESS
Materials specified Publisher description
Uniform Resource Identifier <a href="http://www.loc.gov/catdir/enhancements/fy0801/2007032296-d.html">http://www.loc.gov/catdir/enhancements/fy0801/2007032296-d.html</a>
856 42 - ELECTRONIC LOCATION AND ACCESS
Materials specified Contributor biographical information
Uniform Resource Identifier <a href="http://www.loc.gov/catdir/enhancements/fy0807/2007032296-b.html">http://www.loc.gov/catdir/enhancements/fy0807/2007032296-b.html</a>
906 ## - LOCAL DATA ELEMENT F, LDF (RLIN)
a 7
b cbc
c orignew
d 1
e ecip
f 20
g y-gencatlg
942 ## - ADDED ENTRY ELEMENTS (KOHA)
Koha item type BOOK
Source of classification or shelving scheme Dewey Decimal Classification
Holdings
Withdrawn status Lost status Source of classification or shelving scheme Damaged status Not for loan Collection code Home library Current library Shelving location Date acquired Source of acquisition Serial Enumeration / chronology Total Checkouts Total Renewals Full call number Barcode Checked out Date last seen Date checked out Cost, replacement price Price effective from Koha item type
    Dewey Decimal Classification     Junior Fiction Wasatch County Library Wasatch County Library Main Floor Junior Area 07/14/2020 Micromarketing #2 39 36 J Kinney 34301001643693 04/29/2026 03/03/2026 03/03/2026 14.99 07/14/2020 BOOK
    Dewey Decimal Classification     Junior Fiction Wasatch County Library Wasatch County Library Main Floor Junior Area 06/14/2021 Micromarketing #2 40 46 J Kinney 34301001801127   03/09/2026 01/10/2026 13.95 06/14/2021 BOOK
  Long Overdue (Lost) Dewey Decimal Classification     Junior Fiction Wasatch County Library Wasatch County Library Main Floor Junior Area 05/25/2022 Donation #2 2 3 J Kinney 34301001844465 08/24/2022 06/28/2022 06/28/2022 12.95 05/25/2022 BOOK
    Dewey Decimal Classification     Junior Fiction Wasatch County Library Wasatch County Library Main Floor Junior Area 12/06/2023 Donation #2 Wimpy Kid 18 21 J Kinney 34301002058479 04/17/2026 03/09/2026 03/09/2026 13.95 12/06/2023 BOOK
    Dewey Decimal Classification     Junior Fiction Wasatch County Library Wasatch County Library Main Floor Junior Area 05/15/2025 Donation #2 Diary of a Wimpy Kid 5 6 J Kinney 34301002154559   03/03/2026 10/11/2025 13.95 05/15/2025 BOOK
This project was made possible through a grant from the Institute of Museum and Library Service administered by the Utah State Library Division.

Wasatch County Library

  • 465 East 1200 South, Heber City, Utah 84032
  • Phone 435-654-1511 | Fax 435-654-6456

Hours

  • Monday - Friday 9:30 AM - 8:00 PM
  • Saturday 9:30 AM - 1:30 PM
  • Closed Sundays and Holidays